Statistiken für UEFA-Teams ohne FIFA-WM-Teilnahme

Klicken Sie hier um das Quiz zu spielen!

Allgemein

  • Dieses Quiz wurde 681 mal gespielt
  • Das Durchschnittsergebnis liegt bei 18 aus 22

Antwortstatistiken

Team% Korrekt
Andorra
93%
Estland
90%
Lettland
90%
Luxemburg
90%
San Marino
90%
Litauen
89%
Albanien
88%
Finnland
85%
Belarus
84%
Kosovo
84%
Liechtenstein
83%
Malta
82%
Montenegro
82%
Nordmazedonien
82%
Moldawien
79%
Armenien
78%
Zypern
78%
Aserbaidschan
77%
Georgien
76%
Gibraltar
64%
Kasachstan
62%
Färöer-Inseln
60%

Verteilung der Resultate

Perzentil nach korrekt beantworteten Fragen

Anzahl Personen mit jedem Resultat

Ihre Resultats-Entwicklung

Sie haben dieses Quiz noch nicht gespielt